| 000 | 01086cam a2200205 4500 | ||
|---|---|---|---|
| 001 | WB@3612-691 | ||
| 008 | 040721n2004 000 0 eng u | ||
| 035 | _a(Sirsi) u126895 | ||
| 245 | _aCouncil tax reform | ||
| 260 | _c2004 | ||
| 490 |
_aODPM News Release _v(2004/0172) 20 July 2004 (8) |
||
| 520 | _aAn independent inquiry into local government funding that will examine how to make the council tax system fairer and more sustainable has been announced. It will be informed by the "Balance of funding report", also just published (view at: http://www.local.odpm.gov.uk/finance/balance.htm). The inquiry will amongst other things: make recommendations for the reform of council tax; and assess the case for giving local authorities more flexibility to raise additional revenue. The results are due by the end of 2005. http://www.odpm.gov.uk/pns/DisplayPN.cgi?pn_id=200 4_0172 | ||
| 590 | _aWB | ||
| 590 | _aWB | ||
| 650 | _aCOUNCIL TAX | ||
| 650 | _aBALANCE OF FUNDING REPORT | ||
| 650 | _aLOCAL GOVERNMENT FUNDING | ||
| 690 | _aRATING AND LOCAL TAXATION | ||
| 942 | _n0 | ||
| 999 |
_c117749 _d117749 |
||